00926nam a2200193 a 450000100100000000500170001000800410002704000250006811000770009324000170017024500910018726000710027830000210034904900090037095201200037995201110049995201050061099900170071500002889820200930055215.0110412s2007 dr 000 0 spa d aDO-SdBNPbspacBNPHU1 aRepública DominicanabPoder JudicialbSuprema Corte de Justicia95571210a[Leyes, etc]10aResolución No. 59-2007 que establece el reglamento general de mensuras y catastro /. aSanto Domingo :bSuprema Corte de Justicia,c2007fEditora Taína a142 p. ;c23 cm. aBNPD 001054708DSaGRbGRcCTd2011-04-18iLF1l0o p28898-40r2020-06-25te. 3w2020-06-25yLFDSZPréstamo en sala 0010718PDaPDbPDcCTd2011-04-12iLF1l0o p28898-10r2020-06-25te. 2w2020-06-25yLFPDZNo se presta 0010718PDaPDbPDcCTd2011-04-12iLF1l0o p28898-20r2020-06-25w2020-06-25yLFPDZNo se presta c28390d28390